01006nam a2200229 a 4500001001000000003000500010005001700015008004100032010001100073011001100084040000900095100004300104245022200147260004100369500006000410502010900470650004200579650003000621650003500651650002000686856007000706000109425CHAP20220329144050.0140428s2013 mx a sm |||||||spa d a105887 a106859 cCHAP1 aLópez Martínez, Rodolfo de Jesús10aResistencia de alpistillo (phalaris paradoxa L.) en el municipio de Pénjamo, Gto. a los herbicidas pinoxaden, flucarbazone-sodio y mesosulfuron + idosulfuronh[En línea]cpor Rodolfo de Jesús López Martínez. aChapingo, Méx. :bEl autor,c2013. aPara ver el contenido del material haga clic en la liga aTesis (Ing. Agr. Esp. en Parasitología Agrícola) -- UACH. Departamento de Parasitología Agrícola14aControl biológico de malas hierbas.14aHerbicidasxAplicación.14aHerbicidasxEfecto en plantas.14aPhalaris minor. aFinding aiduhttp://10.13.5.2/tesis/sist109425.pdfzTeclea aquí